Higher Surveying (Plane and Geodetic Surveying for Engineers) (Record no. 55331)

MARC details
000 -LEADER
fixed length control field 00421nam a2200169Ia 4500
008 - FIXED-LENGTH DATA ELEMENTS--GENERAL INFORMATION
fixed length control field 230524s9999 xx 000 0 und d
020 ## - INTERNATIONAL STANDARD BOOK NUMBER
ISBN 8123911734
082 ## - DEWEY DECIMAL CLASSIFICATION NUMBER
Classification number 526.9
Item number JAC
100 ## - MAIN ENTRY--AUTHOR NAME
Personal name JE Jackson
245 #0 - TITLE STATEMENT
Title Higher Surveying (Plane and Geodetic Surveying for Engineers)
250 ## - EDITION STATEMENT
Edition statement 2
260 ## - PUBLICATION, DISTRIBUTION, ETC. (IMPRINT)
Place of publication New Delhi
Name of publisher CBS
Year of publication 2004
300 ## - PHYSICAL DESCRIPTION
Number of Pages 288p;
500 ## - GENERAL NOTE
General note Quantity Number: 2
650 ## - SUBJECT ADDED ENTRY--TOPICAL TERM
Topical Term Civil
942 ## - ADDED ENTRY ELEMENTS (KOHA)
Koha item type Books
Holdings
Lost status Damaged status Permanent Location Current Location Shelving location Date acquired Full call number Accession Number Koha item type
    Central Library, Trident Academy of Technology Central Library, Trident Academy of Technology General Stacks 05/24/2023 526.9 JAC 52909 Books
    Central Library, Trident Academy of Technology Central Library, Trident Academy of Technology General Stacks 05/24/2023 526.9 JAC 52910 Books
Trident Academy of Technology © 2023.
All rights reserved.                                                                                                                                                                                                        Designed by Team of Central Library .

Powered by Koha